000 00406pab a2200169 454500
008 180718b1998 xxu||||| |||| 00| 0 eng d
100 _aReddy, P.H.
245 _aPopulation control: some extension strategies
260 _c1998
300 _ap.20-21,36
362 _aMar
650 _aBirth control - India
650 _aBirth control
700 _aGopal, Y.S.
773 _aYojana
909 _a36876
999 _c36876
_d36876